Essentials of Marketing Research

Salvato in:
Dettagli Bibliografici
Autore principale: Hair, Joseph F.
Altri autori: Ortinau, David J., Harrison, Dana E.
Natura: Libro
Lingua:inglese
Pubblicazione: New York McGraw-Hill 2021
Edizione:5th Edition
Soggetti:
Tags: Aggiungi Tag
Nessun Tag, puoi essere il primo ad aggiungerne!!

MARC

LEADER 00000nam a2200000 4500
001 0277242
005 20240517110221.6
020 |a 978-1-260-57578-1 
041 0 |a eng 
044 |a US 
245 1 0 |a Essentials of Marketing Research  |c Joseph F. Hair, David J. Ortinau, Dana E. Harrison 
250 |a 5th Edition 
264 1 |a New York  |b McGraw-Hill  |c 2021 
300 |a 428 s. 
610 2 0 |a marketing 
610 2 0 |a výskum marketingový 
610 2 0 |a projekty 
610 2 0 |a zber dát 
610 2 0 |a analýzy 
100 1 |a Hair, Joseph F. 
700 1 |a Ortinau, David J. 
700 1 |a Harrison, Dana E.